Normal view
MARC view
Entry Personal Name
001 - CONTROL NUMBER
- control field: 32152
003 - CONTROL NUMBER IDENTIFIER
- control field: ARRUPE
005 - DATE AND TIME OF LATEST TRANSACTION
- control field: 20170605095346.0
008 - FIXED-LENGTH DATA ELEMENTS
- fixed length control field: 170605|| aca||aabn | a|a d
040 ## - CATALOGING SOURCE
- Original cataloging agency: ARRUPE
- Transcribing agency: ARRUPE
100 ## - HEADING--PERSONAL NAME
- Personal name: Otumfuo Osei Tutu
- Numeration: II,
- Titles and other words associated with a name: Asantehene,
- Dates associated with a name: 1951-
670 ## - SOURCE DATA FOUND
- Source citation: Work cat.: (ARRUPE)3177: Yankah, Kojo. 32151, Otumfuo Osei Tutu II :, 2009.